Southville International School and Colleges
Your cart is empty.
  • Cart
  • Lists
    Public lists Eva Luna New books Lux_list list_1
    Your lists Log in to create your own lists
  • Log in to your account
  • Your cookies
  • Search history
Southville International School and Colleges
  • Advanced search
  • Recent comments
  • Most popular
  • Libraries

Log in to your account

Log in with GOOGLE


If you do not have an external account, but do have a local account, you can still log in:

  1. Home
  2. MARC view: A short introduction to counselling /
Normal view MARC view ISBD view

A short introduction to counselling / (Record no. 275956)

[ view plain ]
MARC details
000 -LEADER
fixed length control field 00750nam a22002535i 4500
001 - CONTROL NUMBER
control field SSB064569
005 - DATE AND TIME OF LATEST TRANSACTION
control field 20141020131546.0
008 - FIXED-LENGTH DATA ELEMENTS--GENERAL INFORMATION
fixed length control field 130705s2014 cau 000 0 eng
010 ## - LIBRARY OF CONGRESS CONTROL NUMBER
LC control number 2013944555
020 ## - INTERNATIONAL STANDARD BOOK NUMBER
International Standard Book Number 9781446252574 (pbk.)
040 ## - CATALOGING SOURCE
Original cataloging agency DLC
Language of cataloging eng
Description conventions rda
Transcribing agency DLC
042 ## - AUTHENTICATION CODE
Authentication code pcc
050 00 - LIBRARY OF CONGRESS CALL NUMBER
Classification number BF 637.C6
Item number .Al24 2014
100 1# - MAIN ENTRY--PERSONAL NAME
Personal name Aldridge, Sally.
245 12 - TITLE STATEMENT
Title A short introduction to counselling /
Statement of responsibility, etc Sally Aldridge.
250 ## - EDITION STATEMENT
Edition statement 1st edition.
260 ## - PUBLICATION, DISTRIBUTION, ETC. (IMPRINT)
Place of publication, distribution, etc London :
Name of publisher, distributor, etc SAGE Publication Ltd.,
Date of publication, distribution, etc c2014.
263 ## - PROJECTED PUBLICATION DATE
Projected publication date 1402.
300 ## - PHYSICAL DESCRIPTION
Extent 192 pages ;
Dimensions 22 cm.
440 ## - SERIES STATEMENT/ADDED ENTRY--TITLE
Title Short introductions to the therapy professions.
504 ## - BIBLIOGRAPHY, ETC. NOTE
Bibliography, etc Includes bibliographical references and index.
650 #0 - SUBJECT ADDED ENTRY--TOPICAL TERM
Topical term or geographic name as entry element Counseling.
942 ## - ADDED ENTRY ELEMENTS (KOHA)
Source of classification or shelving scheme Library of Congress Classification
Koha item type Books
Call number prefix Foreign
Holdings
Withdrawn status Lost status Source of classification or shelving scheme Damaged status Home library Current library Shelving location Date acquired Source of acquisition Cost, normal purchase price Total Checkouts Full call number Barcode Date last seen Price effective from Koha item type
    Library of Congress Classification   College Library College Library Reserve Section 09/30/2014 Library Fund 2719.00   BF 637.C6 .Al24 2014 C18752 05/15/2018 09/30/2014 Books

A short introduction to counselling /

APA

Aldridge S., . (2014). A short introduction to counselling. London: SAGE Publication Ltd.

Chicago

Aldridge Sally, . 2014. A short introduction to counselling. London: SAGE Publication Ltd.

Harvard

Aldridge S., . (2014). A short introduction to counselling. London: SAGE Publication Ltd.

MLA

Aldridge Sally, . A short introduction to counselling. London: SAGE Publication Ltd. 2014.

  • Place hold
  • Print
  • Cite
  • Add to your cart (remove)
  • Save record
    BIBTEX Dublin Core MARCXML MARC (non-Unicode/MARC-8) MARC (Unicode/UTF-8) MARC (Unicode/UTF-8, Standard) MODS (XML) RIS
  • More searches
    Search for this title in:
    Other Libraries (WorldCat) Other Databases (Google Scholar) Online Stores (Bookfinder.com) Open Library (openlibrary.org)

Exporting to Dublin Core...

SOUTHVILLE LIBRARY

Southville International School and Colleges Library

1281 Tropical Ave. Cor. Luxembourg St., BF Homes International, Las Pinas City

Tel. No. 8256374 / 252358 Loc. 117/146

Powered by Koha